[Event "EU-ch U18 rapid"]
[Site "Prague"]
[Date "2024.08.17"]
[Round "4"]
[White "Herega, Nejc"]
[Black "Karpinets, Andrian"]
[Result "1-0"]
[WhiteElo "2196"]
[BlackElo "1899"]
[PlyCount "61"]
[EventDate "2024.08.17"]
[EventType "swiss (rapid)"]
[EventRounds "9"]
[EventCountry "CZE"]
[SourceTitle "CBM 221 Extra"]
[Source "ChessBase"]
[SourceDate "2024.09.30"]
[SourceVersion "1"]
[SourceVersionDate "2024.09.30"]
[SourceQuality "1"]

1. d4 d5 2. Nf3 Nf6 3. Bf4 c5 4. e3 Nc6 5. Nbd2 cxd4 6. exd4 Bg4 7. c3 e6 8. Qb3 Qc8 9. Nh4 Be7 10. h3 Bh5 11. g4 Bg6 12. Nxg6 hxg6 13. Be2 Qd7 14. h4 e5 15. Bxe5 Nxe5 16. dxe5 Nxg4 17. Bb5 Bxh4 18. Bxd7+ Kxd7 19. Qxb7+ Ke6 20. Nf3 Bxf2+ 21. Ke2 Rhc8 22. Rad1 Rd8 23. Ng5+ Kf5 24. Nxf7 Rdb8 25. Qd7+ Kf4 26. b3 Re8 27. Rh3 Rxe5+ 28. Nxe5 Nxe5 29. Qe6 Bb6 30. Rf1+ Ke4 31. Rh4# 1-0

[Event "Pardubice rapid op 35th"]
[Site "Pardubice"]
[Date "2024.07.17"]
[Round "3"]
[White "Hosticka, Frantisek"]
[Black "Karpinets, Andrian"]
[Result "1-0"]
[WhiteElo "2062"]
[BlackElo "1759"]
[PlyCount "115"]
[EventDate "2024.07.17"]
[EventType "swiss (rapid)"]
[EventRounds "9"]
[EventCountry "CZE"]
[SourceTitle "CBM 221 Extra"]
[Source "ChessBase"]
[SourceDate "2024.09.30"]
[SourceVersion "1"]
[SourceVersionDate "2024.09.30"]
[SourceQuality "1"]

1. e4 c5 2. Nf3 Nc6 3. Bb5 e6 4. 0-0 Nge7 5. b3 a6 6. Bxc6 Nxc6 7. Bb2 d6 8. d4 cxd4 9. Nxd4 e5 10. Nxc6 bxc6 11. c4 Be7 12. f4 0-0 13. fxe5 dxe5 14. Bxe5 Bc5+ 15. Kh1 Qxd1 16. Rxd1 Bg4 17. Re1 Rfe8 18. Bc3 Rad8 19. h3 Bh5 20. Nd2 Rd3 21. Ba5 f6 22. Rac1 Be3 23. Rc2 Re5 24. c5 Rxc5 25. Rxe3 Rxc2 26. Rxd3 Rxa2 27. b4 Kf7 28. Nf3 Bg6 29. Rd7+ Ke6 30. Ra7 Bxe4 31. Rxg7 c5 32. Rc7 cxb4 33. Bxb4 Bxf3 34. gxf3 Rf2 35. Rc3 Rb2 36. Ba5 Ra2 37. Rc6+ Kd5 38. Rxa6 Kc4 39. Ra7 Kb5 40. Bb6 Rd2 41. Bg1 h5 42. Rf7 Rd6 43. h4 Kc6 44. Rh7 Rd5 45. Rh6 Rf5 46. Bd4 Rxf3 47. Rxf6+ Rxf6 48. Bxf6 Kd5 49. Kg2 Ke6 50. Bb2 Kf5 51. Kg3 Ke6 52. Kf4 Kf7 53. Kg5 Kg8 54. Kxh5 Kh7 55. Kg5 Kg8 56. Kg6 Kf8 57. h5 Kg8 58. h6 1-0

[Event "Kiev Spring op"]
[Site "Kiev"]
[Date "2023.03.31"]
[Round "9"]
[White "Mogylnyi, Pavlo"]
[Black "Karpinets, Andrian"]
[Result "1/2-1/2"]
[WhiteElo "1665"]
[BlackElo "1398"]
[PlyCount "49"]
[EventDate "2023.03.25"]
[EventType "swiss"]
[EventRounds "9"]
[EventCountry "UKR"]
[SourceTitle "EXT 2024"]
[Source "ChessBase"]
[SourceDate "2023.10.10"]
[SourceVersion "1"]
[SourceVersionDate "2023.10.10"]
[SourceQuality "1"]

1. e4 c5 2. d3 Nc6 3. g3 g6 4. Bg2 Bg7 5. Ne2 d6 6. Nbc3 h5 7. h3 Nf6 8. 0-0 Bd7 9. Nd5 Qc8 10. Kh2 Nxd5 11. exd5 Nd4 12. c3 Nf5 13. Re1 0-0 14. Bf4 b5 15. Rb1 a5 16. Ng1 Re8 17. Nf3 f6 18. Re4 Ra6 19. Bd2 Kh7 20. Qe2 e6 21. dxe6 Rxe6 22. Rxe6 Bxe6 23. a3 Ra7 24. Bf4 d5 25. Re1 1/2-1/2

[Event "Kiev Spring op"]
[Site "Kiev"]
[Date "2023.03.30"]
[Round "8"]
[White "Karpinets, Andrian"]
[Black "Drobot, Sergey"]
[Result "1/2-1/2"]
[WhiteElo "1398"]
[BlackElo "1716"]
[PlyCount "60"]
[EventDate "2023.03.25"]
[EventType "swiss"]
[EventRounds "9"]
[EventCountry "UKR"]
[SourceTitle "EXT 2024"]
[Source "ChessBase"]
[SourceDate "2023.10.10"]
[SourceVersion "1"]
[SourceVersionDate "2023.10.10"]
[SourceQuality "1"]

1. e4 c5 2. Nf3 d6 3. d4 cxd4 4. Nxd4 Nf6 5. Nc3 a6 6. Bd3 e6 7. f4 Qc7 8. Qe2 Nbd7 9. g4 Nc5 10. g5 Nxd3+ 11. cxd3 Nd7 12. Be3 Be7 13. h4 b5 14. Rc1 Qb7 15. Kf2 Nb6 16. a3 Bd7 17. b4 Rc8 18. f5 exf5 19. Nxf5 Bxf5 20. exf5 Rxc3 21. Rxc3 Qxh1 22. Bxb6 Qxh4+ 23. Kf1 Qh3+ 24. Ke1 Qxf5 25. Rc7 0-0 26. Rxe7 Qxg5 27. Re8 Qc1+ 28. Kf2 Qf4+ 29. Ke1 Qc1+ 30. Kf2 Qf4+ 1/2-1/2